Score 0/20 Timer 03:00
9 Plays Today
% Correct
Drumset
98.5%
Duck
98.5%
Door
98.5%
Dice
98.2%
Domino
96.6%
Dragon
96.5%
Diamond
96.1%
Drill
95.7%
Dachshund
95.6%
Doll
95.3%
% Correct
Dartboard
95%
Dolphin
92.6%
Dress
92.1%
Dynamite
91.2%
Dinosaur
90.6%
Duster
90.2%
Doughnut
89.9%
Daffodil
73.3%
Dumbbell
58.1%
Dreidel
53.8%

You're not logged in!

Compare scores with friends on all Sporcle quizzes.
OR
Log In

Sporcle TV

Today on Sporcle TV


Watch our educational content, quiz creation guides, and fun videos on Sporcle TV.

Show Comments

Extras

Top Quizzes Today


Score Distribution

Your Account Isn't Verified!

In order to create a playlist on Sporcle, you need to verify the email address you used during registration. Go to your Sporcle Settings to finish the process.

Report this User

Report this user for behavior that violates our Community Guidelines.

Details: